Statistics for 90 secs World Capitals: by same 3rd letter

Click here to take the quiz!

General Stats

  • This quiz has been taken 793 times
  • The average score is 154 of 196

Answer Stats

Capital City% Correct
Amsterdam
95%
Basseterre
95%
Bishkek
95%
Bissau
95%
Castries
95%
Dushanbe
95%
Lisbon
95%
Lusaka
95%
Maseru
95%
Moscow
95%
Muscat
95%
Nassau
95%
Roseau
95%
Tashkent
95%
Washington
95%
Bandar Seri Begawan
94%
Bangkok
94%
Bangui
94%
Banjul
94%
Canberra
94%
Conakry
94%
Funafuti
94%
Hanoi
94%
Honiara
94%
Kingston
94%
Kingstown
94%
Kinshasa
94%
London
94%
Managua
94%
Manama
94%
Manila
94%
Minsk
94%
Monaco
94%
Monrovia
94%
Montevideo
94%
Panama
94%
Phnom Penh
94%
Sana'a
94%
San Jose
94%
San Marino
94%
San Salvador
94%
Santiago
94%
Santo Domingo
94%
Singapore
94%
Tunis
94%
Windhoek
94%
Belgrade
90%
Belmopan
90%
Colombo
90%
Dili
90%
Helsinki
90%
Islamabad
90%
Lilongwe
90%
Malabo
90%
Male
90%
Melekeok
90%
Oslo
90%
Palikir
90%
Tallinn
90%
Valletta
90%
Vilnius
90%
Wellington
90%
Berlin
89%
Bern
89%
Caracas
89%
Harare
89%
Jerusalem
89%
Moroni
89%
Paramaribo
89%
Paris
89%
Port-au-Prince
89%
Port Louis
89%
Port Moresby
89%
Port-of-Spain
89%
Porto-Novo
89%
Port-Vila
89%
Sarajevo
89%
Tarawa
89%
Tirana
89%
Warsaw
89%
Yaren
89%
Yerevan
89%
Apia
81%
Beijing
81%
Beirut
81%
Bridgetown
81%
Cairo
81%
Chisinau
81%
Djibouti
81%
Nairobi
81%
Pristina
81%
Quito
81%
Saint George's
81%
Saint John's
81%
Taipei
81%
Tbilisi
81%
Thimphu
81%
Tripoli
81%
Brasilia
80%
Bratislava
80%
Brazzaville
80%
Dhaka
80%
Guatemala City
80%
Khartoum
80%
Kuala Lumpur
80%
Luanda
80%
Mbabane
80%
Niamey
80%
Ouagadougou
80%
Prague
80%
Praia
80%
Ulaanbaatar
80%
Amman
79%
Asmara
79%
Bamako
79%
Damascus
79%
Kampala
79%
Lima
79%
Lome
79%
Rome
79%
Yamoussoukro
79%
Addis Ababa
78%
Andorra la Vella
78%
Budapest
78%
Dodoma
78%
Madrid
78%
Podgorica
78%
Vaduz
78%
Algiers
75%
Baghdad
75%
Bogota
75%
Kigali
75%
Mogadishu
75%
Riga
75%
Tegucigalpa
75%
Zagreb
75%
Abu Dhabi
74%
Abuja
74%
Ankara
74%
Asuncion
74%
Baku
74%
Brussels
74%
Dakar
74%
Jakarta
74%
Ljubljana
74%
Nouakchott
74%
Nuku'alofa
74%
Tokyo
74%
Antananarivo
73%
Astana
73%
Kathmandu
73%
Ottawa
73%
Vatican City
73%
Georgetown
70%
Pyongyang
70%
Sao Tome
70%
Seoul
70%
Skopje
70%
Stockholm
70%
Yaounde
70%
Buenos Aires
65%
Freetown
65%
Kiev
65%
Pretoria
65%
Vienna
65%
Vientiane
65%
Accra
64%
Bucharest
64%
Nicosia
64%
Sucre
64%
Victoria
64%
Ashgabat
62%
Athens
62%
Doha
62%
Tehran
62%
Dublin
58%
Gaborone
58%
Juba
58%
Kabul
58%
Libreville
58%
Rabat
58%
Luxembourg
43%
Mexico City
43%
Kuwait City
41%
New Delhi
41%
Nay Pyi Taw
40%
Reykjavik
40%
Riyadh
40%
Havana
36%
Suva
36%
Copenhagen
35%
Maputo
35%
Bujumbura
30%
Majuro
30%
N'Djamena
30%
Sofia
19%

Score Distribution

Percentile by Number Answered

Percent of People with Each Score

Your Score History

You have not taken this quiz